01420nam a2200361 i 450000500170000000700030001700800410002002000180006104000350007904100130011404300130012708400120014010000360015224501660018825000450035426400330039930000400043233600270047233700330049933800280053252100520056053400360061260000810064865000480072965000480077765000500082565000260087570000430090170000390094470000450098394200150102899900150104320220317001528.0ta201019s20152013ck a j 000 jdspa d a9789583040788 aCO-BoRNBPbspaerdacCO-BoRNBP1 aspahfre ae-fre--- aC MON261 aMongin, Jean Pauld1979-eautor13aLa confesión de San Agustíncadaptado de las Confesiones de San Agustín por Jean-Paul Mongin ; ilustrado por Marion Jeannerot ; traducción Cristina Ramos aPrimera ediciónbPrimera reimpresión 1aBogotábPanamericanac2015 a63 páginasbilustraciones c21 cm atextobtxt2rdacontent asin mediaciónbn2rdamedia avolumenbnc2rdacarrier aRecomendado para público mayor de 15 años tLa confession de Saint Augustin14aAgustincSantocObispo de Hiponad354-430tConfesionesvAdaptaciones914871117aCuentos juveniles francesesySiglo XX2LEMB17aLiteratura juvenil francesaySiglo XX2LEMB17aFilosofía medievalxHistoriavCuentos2LEMB17aSantosvCuentos2LEMB1 aJeannerot, Marioneilustradora91697401 aRamos, Cristinaetraductora9751221 aCardozo Tovar, César A.eeditor975450 2loccBKLIT c7258d7258